ՀՀ Գիտությունների ազգային ակադեմիայի հիմնարար գիտական գրադարան  =   Fundamental Scientific Library of NAS RA

Յովհաննէս Ժ. Բար-Շուշանի Հայոց Կաթուղիկոսին գրած թուղթը / (Record no. 187579)

MARC details
000 -LEADER
fixed length control field 01130nam a2200241 a 4500
001 - CONTROL NUMBER
control field 000505885
003 - CONTROL NUMBER IDENTIFIER
control field AM-YeHGA
005 - DATE AND TIME OF LATEST TRANSACTION
control field 20250618072703.0
008 - FIXED-LENGTH DATA ELEMENTS--GENERAL INFORMATION
fixed length control field 061026s1923 au |||||r|||||||||0|arm|d
040 ## - CATALOGING SOURCE
Original cataloging agency AM-YeHGA
041 0# - LANGUAGE CODE
Language code of text/sound track or separate title arm
090 ## - LOCALLY ASSIGNED LC-TYPE CALL NUMBER (OCLC); LOCAL CALL NUMBER (RLIN)
-- 189045
100 1# - MAIN ENTRY--PERSONAL NAME
Personal name Յովհաննէս Բար Շուշան
245 10 - TITLE STATEMENT
Title Յովհաննէս Ժ. Բար-Շուշանի Հայոց Կաթուղիկոսին գրած թուղթը /
Statement of responsibility, etc. Յովհաննէս Բար Շուշան ; Ուսումնասիրեց ու ասորի բնագրէ թարգմանեց՝ Հ.Ա. Վարդանեան.
260 ## - PUBLICATION, DISTRIBUTION, ETC.
Place of publication, distribution, etc. Վիեննա :
Name of publisher, distributor, etc. տպ. Մխիթարեան,
Date of publication, distribution, etc. 1923.
300 ## - PHYSICAL DESCRIPTION
Extent 102 էջ
440 #0 - SERIES STATEMENT/ADDED ENTRY--TITLE
Title Ազգային մատենադարան ;
Volume/sequential designation ՃԱ.
9 (RLIN) 4491
504 ## - BIBLIOGRAPHY, ETC. NOTE
Bibliography, etc. note Մատենագիտ. տողատակում՝ հայ. և օտար լեզվ.
650 14 - SUBJECT ADDED ENTRY--TOPICAL TERM
Topical term or geographic name entry element Հայ եկեղեցու գործիչներ
9 (RLIN) 4735
700 1# - ADDED ENTRY--PERSONAL NAME
Personal name Վարդանյան, Արիստակես,
Dates associated with a name 1887-1941
Relator term թարգմ.
Relationship trl
9 (RLIN) 2804
856 41 - ELECTRONIC LOCATION AND ACCESS
Uniform Resource Identifier <a href="http://serials.flib.sci.am/openreader/Bar-Shushan_1923/book/index.html#page/1/mode/2up">http://serials.flib.sci.am/openreader/Bar-Shushan_1923/book/index.html#page/1/mode/2up</a>
Link text Կարդալ առցանց
942 ## - ADDED ENTRY ELEMENTS (KOHA)
Source of classification or shelving scheme Universal Decimal Classification
Koha item type Գրքեր / Books
Holdings
Withdrawn status Lost status Damaged status Not for loan Collection Home library Current library Date acquired Total checkouts Full call number Barcode Date last seen Price effective from Koha item type Public note
        General Fundamental Scientific Library Fundamental Scientific Library 28/12/2016   AII/31776 220031776 28/12/2016 28/12/2016 Գրքեր / Books 30 Days Loan
        General Fundamental Scientific Library Fundamental Scientific Library 28/12/2016   AII/31777 220031777 28/12/2016 28/12/2016 Գրքեր / Books 30 Days Loan
        General Fundamental Scientific Library Fundamental Scientific Library 28/12/2016   AII/31778 220031778 28/12/2016 28/12/2016 Գրքեր / Books 30 Days Loan


ՀՀ ԳԱԱ հիմնարար գիտական գրադարան
ՀՀ,Երևան 0019
Մարշալ Բաղրամյան 24/6
հեռախոս:(374-10) 52-47-50
Հետադարձ կապ

All site content, except where otherwise noted, is licensed under a
Creative Commons License